[Event "World Senior Teams +50"]
[Site "Radebeul GER"]
[Date "2016.06.29"]
[Round "4.22"]
[Board "1"]
[White "Blodig, Reinhard"]
[Black "Simon, Ralf-Axel"]
[Result "0-1"]
[BlackTitle "FM"]
[WhiteElo "2114"]
[BlackElo "2113"]
[WhiteTeam "Stoertebeker"]
[BlackTeam "HannoBer"]
[WhiteFideId "4607597"]
[BlackFideId "4603125"]
[EventDate "2016.06.26"]

1. g3 d5 2. Nf3 Nd7 3. d4 b6 4. Bg2 Bb7 5. O-O e6 6. Re1 Ngf6 7. Nbd2 Be7 8. b3
O-O 9. Bb2 c5 10. c4 Rc8 11. Rc1 Rc7 12. Rc2 Qa8 13. Qa1 dxc4 14. Rxc4 Rfc8 15.
dxc5 b5 16. Rc3 Nxc5 17. Rec1 Nd5 18. R3c2 Nxb3 19. Rxc7 Nxa1 20. Rxc8+ Bxc8 21.
Bxa1 Bb7 22. Ne1 h6 23. Bd4 Bf6 24. Nb3 Bxd4 25. Nxd4 b4 26. Nd3 Nc3 27. Bxb7
Qxb7 28. Rc2 Qe4 0-1

[Event "World Senior Teams +50"]
[Site "Radebeul GER"]
[Date "2016.06.29"]
[Round "4.22"]
[Board "2"]
[White "Spiess, Thomas"]
[Black "Grabitz, Georg"]
[Result "1/2-1/2"]
[WhiteElo "1985"]
[BlackElo "2031"]
[WhiteTeam "HannoBer"]
[BlackTeam "Stoertebeker"]
[WhiteFideId "4646959"]
[BlackFideId "4694619"]
[EventDate "2016.06.26"]

1. Nf3 g6 2. e4 d6 3. d4 Bg7 4. c4 Nf6 5. Nc3 O-O 6. Be2 e5 7. O-O exd4 8. Nxd4
Re8 9. f3 Nc6 10. Be3 Nh5 11. Qd2 Nf4 12. Rad1 Bxd4 13. Bxd4 Qg5 14. g3 Nxd4 15.
Qxd4 Nxe2+ 16. Nxe2 Qe5 17. Rd2 Be6 18. b3 f6 19. Rfd1 a6 20. Nc3 Kg7 21. Nd5
Qxd4+ 22. Rxd4 Rac8 23. Kf2 f5 24. Nf4 fxe4 25. Rxe4 Bf5 26. Rxe8 Rxe8 27. Nd5
c6 28. Ne3 Rd8 29. Nxf5+ gxf5 30. Rd2 Kf6 31. h3 h5 32. g4 fxg4 33. fxg4 hxg4
34. hxg4 Kg5 35. Kg3 d5 36. cxd5 cxd5 37. Rd4 b5 38. Kf3 Rd7 39. Ke3 Rd6 40. a4
bxa4 41. Rxa4 Rb6 42. b4 Rb5 43. Kd4 Kxg4 1/2-1/2

[Event "World Senior Teams +50"]
[Site "Radebeul GER"]
[Date "2016.06.29"]
[Round "4.22"]
[Board "3"]
[White "Gerhardt, Peter-Michael"]
[Black "Hoffmann, Michael4"]
[Result "1/2-1/2"]
[WhiteElo "2026"]
[BlackElo "1931"]
[WhiteTeam "Stoertebeker"]
[BlackTeam "HannoBer"]
[WhiteFideId "4638379"]
[BlackFideId "4694376"]
[EventDate "2016.06.26"]

1. d4 d5 2. c4 e6 3. Nc3 c6 4. Nf3 Nf6 5. Bg5 h6 6. Bxf6 Qxf6 7. e3 g6 8. Qc2
Nd7 9. Be2 Bg7 10. O-O O-O 11. Rac1 Rd8 12. b4 Qe7 13. Qb3 dxc4 14. Bxc4 e5 15.
b5 exd4 16. exd4 Nb6 17. Rfe1 Qf8 18. bxc6 bxc6 19. Ne5 1/2-1/2

[Event "World Senior Teams +50"]
[Site "Radebeul GER"]
[Date "2016.06.29"]
[Round "4.22"]
[Board "4"]
[White "Dellos, Peter"]
[Black "Kuehn, Peter2"]
[Result "0-1"]
[WhiteElo "1890"]
[BlackElo "1961"]
[WhiteTeam "HannoBer"]
[BlackTeam "Stoertebeker"]
[WhiteFideId "16203291"]
[BlackFideId "4661486"]
[EventDate "2016.06.26"]

1. e4 c5 2. Nf3 e6 3. d4 cxd4 4. Nxd4 Nf6 5. Nc3 d6 6. g4 h6 7. g5 hxg5 8. Bxg5
a6 9. Qd2 Nc6 10. O-O-O Qc7 11. Kb1 Bd7 12. Bg2 O-O-O 13. h4 Be7 14. f3 Na5 15.
Qf2 Nc4 16. Nb3 Kb8 17. f4 Ng4 18. Qg3 Bxg5 19. hxg5 Nge3 20. Rxh8 Rxh8 21. Rh1
Rxh1+ 22. Bxh1 Na3+ 23. Kc1 Naxc2 24. Nd4 Nxd4 25. Qxe3 Qc5 26. Kb1 Bc6 27. Qd3
f5 28. gxf6 gxf6 29. Bg2 f5 30. Bh3 fxe4 31. Nxe4 Qb4 32. Qc3 Bxe4+ 0-1

[Event "World Senior Teams +50"]
[Site "Radebeul GER"]
[Date "2016.06.29"]
[Round "4.23"]
[Board "1"]
[White "Hilbig, Dieter"]
[Black "Fegan, Chris"]
[Result "0-1"]
[WhiteElo "2014"]
[BlackElo "2071"]
[WhiteTeam "SG Gera/ Meuselwitz"]
[BlackTeam "England 3"]
[WhiteFideId "24642851"]
[BlackFideId "410047"]
[EventDate "2016.06.26"]

1. e4 d6 2. Nc3 Nf6 3. f4 g6 4. Nf3 Bg7 5. Bc4 O-O 6. Bb3 Nc6 7. O-O Bg4 8. Qe1
e5 9. d3 a6 10. Qh4 Bxf3 11. Rxf3 Nd4 12. Rh3 Nh5 13. Qxd8 Raxd8 14. f5 Nxb3 15.
axb3 c6 16. Rf3 Nf6 17. Bg5 h6 18. Bxf6 Bxf6 19. Raf1 Kg7 20. Nd1 d5 21. Nf2 h5
22. g4 dxe4 23. dxe4 Rd2 24. gxh5 gxh5 25. Rc1 Bd8 26. Rd3 Rxd3 27. Nxd3 Bb6+
28. Kg2 Kf6 29. Rd1 Rg8+ 30. Kf3 Rg4 31. Rd2 Rg1 32. c4 Bd4 33. Re2 Rd1 34. Nf2
Rf1 35. h4 Rb1 36. Nd3 Rg1 37. b4 Rd1 38. Nc5 Bxc5 39. bxc5 Rh1 40. Rd2 Rxh4 41.
Rd1 Rh3+ 42. Kf2 Rh2+ 43. Kg3 Rxb2 44. Rd6+ Kg5 45. Rd7 h4+ 46. Kh3 Rb3+ 47. Kh2
Kf6 48. Rd6+ Kg7 49. Rd7 a5 50. Rd8 a4 51. Ra8 a3 52. Ra7 Kf6 0-1

[Event "World Senior Teams +50"]
[Site "Radebeul GER"]
[Date "2016.06.29"]
[Round "4.23"]
[Board "2"]
[White "Thurstan, Tim M"]
[Black "Kohl, Torsten"]
[Result "1-0"]
[WhiteTitle "CM"]
[WhiteElo "2079"]
[BlackElo "1796"]
[WhiteTeam "England 3"]
[BlackTeam "SG Gera/ Meuselwitz"]
[WhiteFideId "425443"]
[BlackFideId "24638870"]
[EventDate "2016.06.26"]

1. f4 d5 2. Nf3 g6 3. e3 Bg7 4. Be2 Nf6 5. O-O c5 6. d3 O-O 7. Nc3 Nc6 8. a4 b6
9. Ne5 Bb7 10. Bf3 e6 11. Nxc6 Bxc6 12. e4 dxe4 13. dxe4 Qc7 14. Qe2 Rfd8 15.
Be3 Qb7 16. Bf2 Rd7 17. Rfd1 Rad8 18. Rxd7 Rxd7 19. Ra3 h6 20. Rb3 c4 21. Rb4
Bf8 22. Rxc4 b5 23. axb5 Bxb5 24. Nxb5 Qxb5 25. b3 Qa5 26. Be3 Qa1+ 27. Kf2 a5
28. Qe1 Qb2 29. Qc1 Qa2 30. Ra4 1-0

[Event "World Senior Teams +50"]
[Site "Radebeul GER"]
[Date "2016.06.29"]
[Round "4.23"]
[Board "3"]
[White "Hilbert, Stephan-Joerg"]
[Black "Cross, Ian K"]
[Result "1/2-1/2"]
[WhiteElo "1839"]
[BlackElo "1685"]
[WhiteTeam "SG Gera/ Meuselwitz"]
[BlackTeam "England 3"]
[WhiteFideId "12904244"]
[BlackFideId "470155"]
[EventDate "2016.06.26"]

1. e4 e6 2. Nf3 d5 3. e5 c5 4. b4 cxb4 5. a3 Nc6 6. axb4 Bxb4 7. c3 Ba5 8. d4
Nge7 9. Bd3 Bd7 10. O-O a6 11. Ng5 h6 12. Qh5 g6 13. Qh3 b5 14. Nf3 b4 15. Bb2
Qb6 16. c4 dxc4 17. Bxc4 Rc8 18. Nbd2 Nd5 19. Ne4 Kf8 20. Nd6 Rc7 21. Ng5 Nd8
22. Nge4 Bb5 23. Bxb5 axb5 24. Qf3 Kg7 25. Nf6 Rc3 26. Bxc3 bxc3 27. Nxd5 exd5
28. Qf6+ Kh7 29. Rxa5 Qxa5 30. Nxf7 Rg8 31. e6 Qb6 32. Nxd8 Qxd8 33. e7 Qe8 34.
Re1 b4 35. Qd6 b3 36. Qxd5 b2 37. Qb3 Rg7 38. Qxc3 Rxe7 39. Rf1 Rb7 40. Qc2 Qd7
41. Rd1 Qxd4 1/2-1/2

[Event "World Senior Teams +50"]
[Site "Radebeul GER"]
[Date "2016.06.29"]
[Round "4.24"]
[Board "1"]
[White "Gempe, Anet"]
[Black "Siggelkow, Axel"]
[Result "1/2-1/2"]
[WhiteTitle "WFM"]
[WhiteElo "2001"]
[BlackElo "2038"]
[WhiteTeam "Germany 2 Women"]
[BlackTeam "BSV Chemie Radebeul"]
[WhiteFideId "4618114"]
[BlackFideId "24681350"]
[EventDate "2016.06.26"]

1. e4 c5 2. Nf3 d6 3. d4 cxd4 4. Nxd4 Nf6 5. Nc3 a6 6. Be2 e6 7. O-O Be7 8. Be3
O-O 9. a3 Qc7 10. f3 Nc6 11. Nb3 b5 12. Qe1 Bb7 13. Qf2 Nd7 14. Rfd1 Nce5 15.
Kh1 Nc4 16. Bxc4 Qxc4 17. Na5 Qc7 18. Nxb7 Qxb7 19. Bd4 Rfd8 20. Rd2 Bf6 21.
Bxf6 Nxf6 22. Rad1 Qc7 23. Qg3 Ne8 24. Ne2 Rac8 25. c3 h6 26. Qf2 Qc5 27. Kg1
Qxf2+ 28. Kxf2 Kf8 29. Nc1 Ke7 30. Nb3 Nf6 31. g3 d5 32. e5 Nd7 33. Re2 Nc5 34.
Nd4 Rc7 35. Rdd2 Rdc8 36. Re1 Rb7 37. h4 Rbc7 38. Re3 Rb7 39. g4 Rbc7 40. Kg3
Rb7 41. Rh2 g6 42. Rd2 Rbc7 43. Re1 1/2-1/2

[Event "World Senior Teams +50"]
[Site "Radebeul GER"]
[Date "2016.06.29"]
[Round "4.24"]
[Board "2"]
[White "Westphal, Norbert"]
[Black "Skibbe, Diana"]
[Result "1-0"]
[BlackTitle "WFM"]
[WhiteElo "1965"]
[BlackElo "2071"]
[WhiteTeam "BSV Chemie Radebeul"]
[BlackTeam "Germany 2 Women"]
[WhiteFideId "12973610"]
[BlackFideId "4612698"]
[EventDate "2016.06.26"]

1. Nf3 Nf6 2. g3 g6 3. Bg2 Bg7 4. O-O O-O 5. d4 d6 6. Nc3 c6 7. e4 Nfd7 8. Bg5
h6 9. Be3 e5 10. Qd2 Kh7 11. Rad1 Qe7 12. Nh4 exd4 13. Bxd4 Ne5 14. b3 f5 15.
exf5 Bxf5 16. Nxf5 Rxf5 17. f4 c5 18. Nd5 Qf7 19. Bxe5 dxe5 20. g4 Rxf4 21. Nxf4
exf4 22. Qxf4 Qe7 23. Rfe1 Bd4+ 24. Qxd4 1-0

[Event "World Senior Teams +50"]
[Site "Radebeul GER"]
[Date "2016.06.29"]
[Round "4.24"]
[Board "3"]
[White "Beltz, Martina"]
[Black "Muehlberg, Frank"]
[Result "1/2-1/2"]
[WhiteTitle "WIM"]
[WhiteElo "2053"]
[BlackElo "1929"]
[WhiteTeam "Germany 2 Women"]
[BlackTeam "BSV Chemie Radebeul"]
[WhiteFideId "4612485"]
[BlackFideId "4680235"]
[EventDate "2016.06.26"]

1. d4 d5 2. Nf3 Nf6 3. Bg5 e6 4. e3 Be7 5. Bd3 c5 6. c3 Nc6 7. Nbd2 Bd7 8. Ne5
O-O 9. f4 Ne8 10. Bxe7 Qxe7 11. O-O b6 12. Rc1 Rc8 13. Ndf3 f6 14. Nxd7 Qxd7 15.
e4 f5 16. exf5 exf5 17. Bb5 Qd6 18. c4 Nxd4 19. Nxd4 cxd4 20. Qxd4 dxc4 21.
Bxc4+ Kh8 22. Qxd6 Nxd6 23. Ba6 Rcd8 24. Rc7 Rf7 25. Rfc1 Rfd7 26. Rxd7 Rxd7 1/2-1/2

[Event "World Senior Teams +50"]
[Site "Radebeul GER"]
[Date "2016.06.29"]
[Round "4.24"]
[Board "4"]
[White "Richter, Andreas"]
[Black "Kierzek, Mira"]
[Result "1/2-1/2"]
[BlackTitle "WFM"]
[WhiteElo "1747"]
[BlackElo "2003"]
[WhiteTeam "BSV Chemie Radebeul"]
[BlackTeam "Germany 2 Women"]
[WhiteFideId "12975354"]
[BlackFideId "15002110"]
[EventDate "2016.06.26"]

1. d4 Nf6 2. c4 e6 3. Nc3 Bb4 4. e3 O-O 5. Bd3 d5 6. Nf3 b6 7. O-O Bb7 8. a3
Bxc3 9. bxc3 Nbd7 10. cxd5 Bxd5 11. Nd2 c5 12. e4 Bb7 13. Bb2 cxd4 14. cxd4 Nc5
15. dxc5 Qxd3 16. Bxf6 gxf6 17. cxb6 axb6 18. Re1 Rfd8 19. Qg4+ Kh8 20. Nf1 Rg8
21. Qf4 f5 22. Ng3 Qd4 23. Rad1 Qg7 24. exf5 exf5 25. f3 Bc8 26. Rd2 Rxa3 27.
Nh5 Qc3 28. Qe5+ Qxe5 29. Rxe5 Be6 30. Rb5 Ra6 31. Rd6 Ra1+ 32. Kf2 Ra2+ 33. Ke3
Raxg2 34. Rdxb6 Rxh2 35. Nf4 Rh1 36. Kf2 Re8 37. Kg2 Re1 38. Nh5 h6 39. Rb8 Rxb8
40. Rxb8+ Kh7 41. Nf4 Kg7 42. Kf2 Rc1 43. Re8 Kf6 44. Rg8 Rc8 45. Rg1 Ke5 46.
Nd3+ Kd4 47. Nf4 Rc2+ 48. Kg3 Rc8 49. Rd1+ Ke5 50. Re1+ Kf6 51. Rh1 Rh8 52. Rh2
Ke5 53. Re2+ Kd6 54. Rd2+ Ke5 55. Re2+ Kf6 56. Rh2 Bc4 57. Rh1 Rg8+ 58. Kf2 Ke5
59. Ng2 Rg6 60. Rh5 Bd3 61. Ne3 Rf6 62. Ng4+ Ke6 63. Nxf6 Kxf6 64. Rxh6+ Kg5 65.
Rh8 1/2-1/2

[Event "World Senior Teams +50"]
[Site "Radebeul GER"]
[Date "2016.06.29"]
[Round "4.25"]
[Board "1"]
[White "Mottonen, Ari"]
[Black "Kracht, Helmut"]
[Result "1/2-1/2"]
[WhiteElo "1987"]
[BlackElo "2022"]
[WhiteTeam "Finland"]
[BlackTeam "SK Kaltenkirchen"]
[WhiteFideId "504360"]
[BlackFideId "4690567"]
[EventDate "2016.06.26"]

1. Nf3 Nf6 2. g3 b5 3. Bg2 Bb7 4. O-O e6 5. d4 Be7 6. c3 O-O 7. Nbd2 c5 8. Re1
cxd4 9. cxd4 d5 10. Nb3 Nbd7 11. Qd3 b4 12. a4 bxa3 13. bxa3 Ne4 14. Bf4 Qb6 15.
Reb1 Ba6 16. Qe3 Qd8 17. Nfd2 g5 18. Be5 Nxd2 19. Nxd2 Nb6 20. g4 Rc8 21. Rc1
Qd7 22. Qf3 f6 23. Bg3 Qb5 24. Bf1 Qb2 25. Nb3 Rxc1 26. Rxc1 Bc4 27. Rc3 Bxb3
28. Rxb3 Qxd4 29. h3 Nc4 30. Rd3 Qa1 31. e4 Ne5 32. Bxe5 fxe5 33. Qe2 Bc5 34.
Rf3 Rxf3 35. Qxf3 Qxa3 36. Qf6 Qg3+ 37. Bg2 Qf4 38. Qxf4 1/2-1/2

[Event "World Senior Teams +50"]
[Site "Radebeul GER"]
[Date "2016.06.29"]
[Round "4.25"]
[Board "2"]
[White "Nowack, Achim"]
[Black "Munukka, Timo"]
[Result "1/2-1/2"]
[WhiteElo "1790"]
[BlackElo "1945"]
[WhiteTeam "SK Kaltenkirchen"]
[BlackTeam "Finland"]
[WhiteFideId "24659185"]
[BlackFideId "502723"]
[EventDate "2016.06.26"]

1. e4 c5 2. Nf3 d6 3. d3 Nf6 4. g3 g6 5. Bg2 Bg7 6. Nc3 Nc6 7. O-O O-O 8. Re1 e5
9. Bg5 h6 10. Bd2 Be6 11. a3 Qd7 12. Ne2 b5 13. Qc1 Kh7 14. Nh4 Rac8 15. c3 Na5
16. Qd1 Nb3 17. Rb1 Nxd2 18. Qxd2 d5 19. Qc2 Rfd8 20. Rbd1 Qc7 21. Qb1 Qb6 22.
Nf3 Nh5 23. Nc1 d4 24. Rd2 Rc6 25. Ne2 Rcd6 26. cxd4 cxd4 27. Rc1 Rc8 28. Rxc8
Bxc8 29. Rc2 Rc6 30. Qc1 Rxc2 31. Qxc2 Be6 32. b4 f6 33. Nd2 Bf8 34. Nb3 Ng7 35.
f4 Bd6 36. fxe5 fxe5 37. Nec1 Qc7 38. Qxc7 Bxc7 39. Nc5 Bc8 40. Kf2 Kg8 41. Bf3
Kf7 42. g4 Ne6 43. N1b3 Bb6 44. Nxe6 Bxe6 45. Bd1 Ke7 46. h4 Kd6 47. Nd2 a5 48.
Kg3 axb4 49. axb4 Bd8 50. Nf3 Ba2 51. h5 g5 52. Kf2 Ke6 53. Nd2 Be7 54. Bb3+
Bxb3 55. Nxb3 Bxb4 56. Ke2 Kd6 57. Kd1 Kc6 58. Ke2 1/2-1/2

[Event "World Senior Teams +50"]
[Site "Radebeul GER"]
[Date "2016.06.29"]
[Round "4.25"]
[Board "4"]
[White "Holzberg, Gerhard"]
[Black "Jarnstrom, Henrik"]
[Result "1/2-1/2"]
[WhiteElo "1952"]
[BlackElo "1808"]
[WhiteTeam "SK Kaltenkirchen"]
[BlackTeam "Finland"]
[WhiteFideId "24680818"]
[BlackFideId "510572"]
[EventDate "2016.06.26"]

1. e4 Nf6 2. e5 Nd5 3. d4 d6 4. Nf3 Bg4 5. Be2 e6 6. c4 Nb6 7. Nbd2 Be7 8. O-O
Nc6 9. b3 O-O 10. exd6 cxd6 11. Bb2 a5 12. a3 d5 13. Rc1 Nd7 14. Re1 Nf6 15. h3
Bh5 1/2-1/2

[Event "World Senior Teams +50"]
[Site "Radebeul GER"]
[Date "2016.06.29"]
[Round "4.26"]
[Board "1"]
[White "Nachtkamp, Herbert"]
[Black "Goepfert, Jochen"]
[Result "1/2-1/2"]
[WhiteElo "2091"]
[BlackElo "1987"]
[WhiteTeam "SK Norderstedt von 1975 e.V."]
[BlackTeam "Blue Wonder"]
[WhiteFideId "4642660"]
[BlackFideId "12972878"]
[EventDate "2016.06.26"]

1. d4 f5 2. Bf4 Nf6 3. e3 e6 4. c4 Be7 5. Nc3 O-O 6. Bd3 Na6 7. h3 d6 8. Nf3 Qe8
9. O-O Nb4 10. Bb1 Nc6 11. Bh2 a6 12. d5 Nd8 13. Nd4 g6 14. dxe6 Nxe6 15. Nxe6
Bxe6 16. Nd5 Bxd5 17. cxd5 Qf7 1/2-1/2

[Event "World Senior Teams +50"]
[Site "Radebeul GER"]
[Date "2016.06.29"]
[Round "4.26"]
[Board "2"]
[White "Nauber, Walter"]
[Black "Freter, Anke"]
[Result "0-1"]
[WhiteElo "1941"]
[BlackElo "1865"]
[WhiteTeam "Blue Wonder"]
[BlackTeam "SK Norderstedt von 1975 e.V."]
[WhiteFideId "16212045"]
[BlackFideId "4638727"]
[EventDate "2016.06.26"]

1. d4 Nf6 2. c4 g6 3. Nc3 d5 4. Nf3 Bg7 5. e3 O-O 6. Qb3 c6 7. Bd3 b6 8. O-O Bb7
9. Bd2 Nbd7 10. cxd5 cxd5 11. Rfc1 a6 12. Rc2 e5 13. dxe5 Nc5 14. Qa3 Ng4 15.
Be2 Nxe5 16. Rd1 Nc4 17. Bxc4 dxc4 18. Bc1 Nd3 19. Ne1 Qg5 20. f4 Qh5 21. Nxd3
Bxc3 22. Nf2 Bf6 23. Rxc4 Rad8 24. Rxd8 Rxd8 25. e4 Qe2 26. Qb4 a5 0-1

[Event "World Senior Teams +50"]
[Site "Radebeul GER"]
[Date "2016.06.29"]
[Round "4.26"]
[Board "3"]
[White "Schaefer, Ruediger"]
[Black "Reinhardt, Joachim"]
[Result "1/2-1/2"]
[WhiteElo "1784"]
[BlackElo "1876"]
[WhiteTeam "SK Norderstedt von 1975 e.V."]
[BlackTeam "Blue Wonder"]
[WhiteFideId "1271080"]
[BlackFideId "12925659"]
[EventDate "2016.06.26"]

1. e4 d6 2. d4 Nf6 3. Bd3 Nc6 4. c3 e5 5. Ne2 Be7 6. O-O O-O 7. Nd2 Re8 8. h3
Bf8 9. d5 Ne7 10. Nf3 Ng6 11. c4 Nh5 12. Re1 c6 13. Be3 Nhf4 14. Nxf4 Nxf4 15.
Bf1 c5 16. Qd2 Qf6 17. Bxf4 exf4 18. Re2 g5 19. Rae1 g4 20. hxg4 Bxg4 21. Qd3
Bg7 22. Rd2 Re7 23. Be2 Bxf3 24. Bxf3 Qh4 25. Rb1 Bd4 26. b4 b6 27. a4 Rc8 28.
Qb3 Qf6 29. b5 Rce8 30. Qd3 Re5 31. Ra2 Qh4 32. Re2 f5 33. Rf1 fxe4 34. Rxe4
Rxe4 35. Bxe4 Re5 36. Bf3 Qe7 37. Bg4 Kh8 38. Qd2 Qg5 39. Bf3 Kg7 40. Re1 Qe7
41. Rxe5 Qxe5 42. Qe2 1/2-1/2

[Event "World Senior Teams +50"]
[Site "Radebeul GER"]
[Date "2016.06.29"]
[Round "4.27"]
[Board "1"]
[White "Siebenhuener, Michael"]
[Black "Buchholz, Ralf"]
[Result "1/2-1/2"]
[WhiteElo "2034"]
[BlackElo "1926"]
[WhiteTeam "TSG Markkleeberg von 1903"]
[BlackTeam "Deutsche Schach-Loewen"]
[WhiteFideId "4659805"]
[BlackFideId "24693910"]
[EventDate "2016.06.26"]

1. e4 d6 2. c4 c5 3. d4 e5 4. dxe5 dxe5 5. Qxd8+ Kxd8 6. Nf3 Nc6 7. Nc3 f6 8.
Be3 Nd4 9. O-O-O Be6 10. Nd2 Ne7 11. f4 Nec6 12. f5 Bf7 13. g4 Bd6 14. h4 Kd7
15. Nd5 Rhc8 16. a3 Bxd5 17. cxd5 Na5 18. Kb1 c4 19. Rc1 b5 20. Ka2 Nab3 21.
Nxb3 Nxb3 22. Rc2 Nd4 23. Rc1 Bc5 24. Rh3 Nb3 25. Rc2 Bxe3 26. Rxe3 Nd4 27. Rg2 1/2-1/2

[Event "World Senior Teams +50"]
[Site "Radebeul GER"]
[Date "2016.06.29"]
[Round "4.27"]
[Board "2"]
[White "Grosselohmann, Gerhard"]
[Black "Nuernberger, Thomas"]
[Result "1/2-1/2"]
[WhiteElo "2004"]
[BlackElo "1983"]
[WhiteTeam "Deutsche Schach-Loewen"]
[BlackTeam "TSG Markkleeberg von 1903"]
[WhiteFideId "4645219"]
[BlackFideId "12979716"]
[EventDate "2016.06.26"]

1. d4 c5 2. Nf3 cxd4 3. Nxd4 d5 4. g3 Nc6 5. Bg2 g6 6. O-O Bg7 7. Nxc6 bxc6 8.
c4 e6 9. Qa4 Ne7 10. cxd5 exd5 11. Nc3 O-O 12. Bg5 Bd7 13. Qa3 Re8 14. Rfd1 h6
15. Be3 Nf5 16. Bc5 Bxc3 17. Qxc3 Rxe2 1/2-1/2

[Event "World Senior Teams +50"]
[Site "Radebeul GER"]
[Date "2016.06.29"]
[Round "4.28"]
[Board "2"]
[White "Schmidt, Hans-Gerd"]
[Black "Battsengel, Shirchin"]
[Result "0-1"]
[BlackTitle "WFM"]
[WhiteElo "1935"]
[BlackElo "1956"]
[WhiteTeam "TuS Coswig 1920"]
[BlackTeam "Mongolia Women"]
[WhiteFideId "4657918"]
[BlackFideId "4900391"]
[EventDate "2016.06.26"]

1. e4 c5 2. Nf3 Nc6 3. b3 e6 4. Bb2 Nf6 5. Nc3 a6 6. a4 Be7 7. Be2 O-O 8. O-O b6
9. e5 Ng4 10. Ne4 Qc7 11. Re1 Ngxe5 12. Nxe5 Nxe5 13. Bxe5 Qxe5 14. Bf3 Rb8 15.
Ng3 Qc7 16. Qe2 d5 17. Rad1 Bd6 18. h4 Bxg3 0-1

[Event "World Senior Teams +50"]
[Site "Radebeul GER"]
[Date "2016.06.29"]
[Round "4.28"]
[Board "3"]
[White "Soyolmaa, Dashdondog"]
[Black "Eiselt, Peter"]
[Result "1-0"]
[WhiteTitle "WCM"]
[WhiteElo "1923"]
[BlackElo "2012"]
[WhiteTeam "Mongolia Women"]
[BlackTeam "TuS Coswig 1920"]
[WhiteFideId "4900146"]
[BlackFideId "24638161"]
[EventDate "2016.06.26"]

1. e4 c5 2. Nf3 e6 3. d4 cxd4 4. Nxd4 Nc6 5. Be3 Qc7 6. Be2 a6 7. O-O Nf6 8.
Nxc6 bxc6 9. Nd2 d5 10. Bf3 Rb8 11. b3 Be7 12. c4 O-O 13. Qc2 Qa5 14. Rfd1 Rd8
15. Bd4 Bb7 16. Bc3 Qb6 17. exd5 cxd5 18. cxd5 Nxd5 19. Nc4 Qc5 20. Bd4 Qc8 21.
Qb2 Bf8 22. Be5 Ra8 23. Bxd5 Bxd5 24. Nb6 Qc6 25. Nxa8 Bxg2 26. Rxd8 Bh3 27. f4
Qf3 28. Qf2 Qg4+ 1-0

[Event "World Senior Teams +50"]
[Site "Radebeul GER"]
[Date "2016.06.30"]
[Round "5.1"]
[Board "1"]
[White "Hjartarson, Johann"]
[Black "Vaganian, Rafael A"]
[Result "0-1"]
[WhiteTitle "GM"]
[BlackTitle "GM"]
[WhiteElo "2547"]
[BlackElo "2577"]
[WhiteTeam "Iceland"]
[BlackTeam "Armenia"]
[WhiteFideId "2300044"]
[BlackFideId "13300016"]
[EventDate "2016.06.26"]

1. e4 e6 2. d4 d5 3. e5 c5 4. c3 Nc6 5. Nf3 Qb6 6. Be2 Nh6 7. Bxh6 gxh6 8. Qd2
Bg7 9. O-O O-O 10. Na3 cxd4 11. cxd4 Bd7 12. Nc2 f6 13. exf6 Rxf6 14. b4 a6 15.
a4 Rxf3 16. Bxf3 Nxd4 17. Nxd4 Qxd4 18. Qxd4 Bxd4 19. Ra2 Rc8 20. Rb1 Kf7 21. g3
Ke7 22. Kg2 Kd6 23. Bg4 h5 24. Bxh5 e5 25. b5 a5 26. Rd1 Bc3 27. Bf3 Be6 28. Rc2
b6 29. Be4 d4 30. f4 exf4 31. gxf4 Kc5 32. Re2 Kb4 33. Bc2 Bc4 34. Re7 Ka3 35.
Rd7 Be2 36. Rb1 Ka2 37. Bxh7 Rf8 38. Kg3 Re8 39. Rg1 Kb3 40. Rb1+ Kxa4 41. Bc2+
Ka3 42. f5 Ka2 43. Rg1 Kb2 44. Ba4 d3 45. Kf2 Re5 46. Rg5 Bd2 47. Rg3 Rxf5+ 48.
Kg2 Rg5 49. Rxg5 Bxg5 50. Kf2 Ka3 51. Rd4 Be7 52. Rc4 Bb4 53. Bc2 dxc2 0-1

[Event "World Senior Teams +50"]
[Site "Radebeul GER"]
[Date "2016.06.30"]
[Round "5.1"]
[Board "2"]
[White "Anastasian, Ashot"]
[Black "Olafsson, Helgi"]
[Result "1/2-1/2"]
[WhiteTitle "GM"]
[BlackTitle "GM"]
[WhiteElo "2532"]
[BlackElo "2543"]
[WhiteTeam "Armenia"]
[BlackTeam "Iceland"]
[WhiteFideId "13300059"]
[BlackFideId "2300010"]
[EventDate "2016.06.26"]

1. d4 Nf6 2. c4 e6 3. Nc3 Bb4 4. Qc2 O-O 5. a3 Bxc3+ 6. Qxc3 d5 7. Bg5 dxc4 8.
Qxc4 b6 9. Rd1 Ba6 10. Qa4 Qd7 11. Qc2 Qc6 12. Qxc6 Nxc6 13. Bxf6 gxf6 14. Nf3
Ne7 15. e3 Bb7 16. Be2 Rfc8 17. O-O Kf8 18. Rc1 f5 19. Rfd1 f6 20. Ne1 Nd5 21.
Nd3 Ke7 22. Bf3 a5 23. Rd2 Ra7 24. h4 Kd6 25. b3 Rd8 26. Kh2 Ba8 27. Nb2 Ke7 28.
Rdc2 Rd7 29. Nd3 Kd6 30. Rd2 Rd8 31. Kg1 Rd7 32. g3 Bb7 33. Bg2 Ke7 34. Kh2 Kd6
35. Rdc2 Ba8 36. Nf4 Nxf4 37. gxf4 Bxg2 38. Kxg2 Rg7+ 39. Kf3 h5 40. Rc6+ Kd5
41. Ke2 Rg4 42. Rxc7 Rxc7 43. Rxc7 Rxh4 44. Rb7 Kc6 45. Re7 Kd6 46. Rb7 Kc6 47.
Re7 1/2-1/2